00984nam a2200241 a 450000100100000000500170001000800410002704000250006808200170009310000360011024500810014626000350022730000210026249000570028350000550034050000310039565000260042665000300045270000580048283000640054095201210060499900170072500002009120200929170249.0100720s1954 sp r 001 f spa d aDO-SdBNPbspacBNPHU a843.8bL883r1 aLoti, Pierre,d1850-192394195510aRamuncho /cPierre Loti ; traducción y prólogo Condesa De Pardo Bazán. aMadrid :bEspasa-Calpe,c1954. a210 p. ;c18 cm.1 aAustral. Azul : novelas y cuentos en general ;v1198 aIncluye datos biográficos del autor en la solapa aIncluye índice de autor. 4aNovela francesa91075 4aLiteratura francesa910741 aPardo Bazán, Emilia,cCondesa,etr.epról.942676 0aAustral. Azul : novelas y cuentos en general ;v1198922386 001054708MOaGRbGRcCTd2010-07-20iLF1l0o843.8 L883rp20091-10r2020-06-25w2020-06-25y4ZPréstamo en sala c19599d19599